Questions-réponses sur Bouillon - Statistiques

Statistiques générales
  • Ce quiz a été pris 10 fois
  • Le résultat moyen est 12 sur 15
Statistiques - réponses
Questions Réponses % Correct
Célèbre croisé de Bouillon qui prit part à la Première croisade. Godefroy de Bouillon
100%
La descente de cette rivière en _____ sur 7 à 17 kilomètres en aval de Bouillon, est une activité très prisée dans la région entre mars et novembre. La rivière est calme et l'activité est ouverte aux enfants. Kayak
100%
Province dans laquelle se situe Bouillon. Luxembourg
100%
Ville française qui se tient à quinze kilomètres au sud de Bouillon, ville qui fut le théâtre d'une lourde défaite française en 1870. Sedan
100%
Ville conquise par le précédent (réponse #7) pendant cette croisade. Jérusalem
88%
Fleuve dont cette rivière est un affluent. La Meuse
88%
Rivière tortueuse qui dessine un méandre autour de Bouillon. La Semois
88%
Propriété que le précédent vendit pour financer la Première croisade. Aujourd'hui attraction touristique de la ville de Bouillon et plus ancien vestige de la féodalité en Belgique. Le château-fort
88%
Massif vallonné et fortement boisé qui s'étend sur une partie de la France, de l'Allemagne, de la Belgique et du Luxembourg et au milieu duquel se situe Bouillon. Les Ardennes
88%
Titre qu'il refusa, à l'issue de cette Première croisade. Roi
88%
Ce qu'est le "croisé", spécialité bouillonnaise conçue à l'occasion du 900e anniversaire de la Première croisade, présentant l'effigie du chevalier (réponse #7). Il s'apparente au Spéculoos du reste de la Belgique mais plus pauvre en sucre. Un biscuit
63%
Ordre religieux auquel appartenait l'abbaye moniale de Cordemois à la sortie de Bouillon lors de sa fondation en 1845. Cistercien
50%
Sympathisant wallon du régime nazi né à Bouillon en 1906. Léon Degrelle
50%
Titre plus humble qu'il accepta. Avoué du Saint-Sépulcre
38%
Général allemand du IIIe Reich qui avait temporairement établi le poste de commandement de son unité à l'hôtel Panorama de Bouillon. Il est connu pour avoir appliqué la doctrine de la guerre éclair mais sa marche vers Dunkerque fut arrêtée par Hitler. Heinz Guderian
38%
Aucun quiz correspondant
Distribution des résultats
% des personnes avec chaque résultat
Percentile par nombre de réponses
Votre historique - résultats
Vous n’avez pas pris ce quiz